01266nam a2200313Ia 4500001001200000003000800012006001900020007001500039008004100054010001700095020003100112040002100143035002100164050002200185245011700207260006700324300001600391504005100407533015200458650005000610650001600660651003500676651002900711655002900740700002500769710001700794856012600811999001500937ebr10273832CaPaEBRm u cr cn|||||||||071108s2008 enk sb 001 0 eng d z 2007046405 z9780754658146 (alk. paper) aCaPaEBRcCaPaEBR a(OCoLC)64679370314aD288b.F57 2008eb04aThe fiscal military state in eighteenth-century Europeh[electronic resource] /c[edited] by Christopher Storrs. aAldershot, Hants, England ;aBurlington, VT :bAshgate,c2008. axii, 245 p. aIncludes bibliographical references and index. aElectronic reproduction.bPalo Alto, Calif. :cebrary,d2009.nAvailable via World Wide Web.nAccess may be limited to ebrary affiliated libraries. 0aFiscal policyzEuropexHistoryy18th century. 0aState, The. 0aEuropexHistoryy18th century. 0aEuropexMilitary policy. 7aElectronic books.2local1 aStorrs, Christopher.2 aebrary, Inc.40uhttp://site.ebrary.com/lib/rucke/Doc?id=10273832zAn electronic book accessible through the World Wide Web; click to view c6416d6416